000 01083cam a22003497a 4500
003 CHAP
005 20220329134104.0
008 971013s1974 r 00010 d
010 _a15205
011 _a16177
035 _a20255
040 _cCHAP
082 _a581.13
_bH4
100 0 0 _aHewitt, E. J.
_955098
245 0 _aPlant mineral nutrition
260 _aLondon :
_bEnglish Univ.,
_c1974
300 _a298 p.
_b: ilus. ; gráfs.
490 0 _aUnibooks
590 _aBATCH-UPD
_b10
_c20130110
_lUCH01
_h1841
590 _aBATCH-UPD
_b10
_c20130410
_lUCH01
_h1211
590 _aBATCH-UPD
_b10
_c20130914
_lUCH01
_h1651
590 _aCONVERSION
_b10
_c20130109
_lUCH01
_h1310
650 1 4 _aPlantas
_xAbsorción de agua.
_988789
650 1 4 _aPlantas
_xMetabolismo.
_988858
650 1 4 _aPlantas
_xNutrición.
_988874
700 0 _aSmith, T. A.
_9107137
830 0 _aUnibooks
_9116165
901 _aBK
942 _cLIBRO
949 _a581.13 H4
_bBC
_cLIBRO
_d33724000522066
_eLIBRO
_fc.2
_h45068
_i20255
_si
949 _a581.13 H4
_bBC
_cLIBRO
_d33724000832861
_eLIBRO
_h33719
_i20255
_si
999 _c15205
_d15205